Bezdrôtový prenos elektrickej energie

Na minha lista:
Detalhes bibliográficos
Autor principal: Holomek, Jakub, 1989- (Author)
Outros Autores: Farkas Smitková, Miroslava, 1977- (Thesis advisor)
Formato: Manuscrito Livro
Idioma:eslovaco
Publicado em: Bratislava : STU v Bratislave FEI, 2013
Assuntos:
Acesso em linha:VAIS
Tags: Adicionar Tag
Sem tags, seja o primeiro a adicionar uma tag!

MARC

LEADER 00000ntm a22000003a 4500
001 stu272653
005 20160426112516.1
008 130801s2013----xo------------------slo-d
040 |a STU  |b slo 
041 0 |a slo 
044 |a xo 
100 1 |a Holomek, Jakub,  |d 1989-  |4 aut  |u E  |T FEI Fakulta elektrotechniky a informatiky  |X 58674  |U E  |Y 30  |7 A000058674 
242 0 0 |a Wireless transmission of elecric energy  |y eng 
245 1 |a Bezdrôtový prenos elektrickej energie 
260 |a Bratislava :  |b STU v Bratislave FEI,  |c 2013 
300 |a 37 s 
650 7 |a Electrical Engineering  |2 estusub 
700 1 |a Farkas Smitková, Miroslava,  |d 1977-  |4 ths  |u E130  |U FEI Fakulta elektrotechniky a informatiky  |T FEI Katedra elektroenergetiky  |X 42529  |U E130  |Y 59  |7 A000042529 
856 4 |a info a plný text  |u http://is.stuba.sk/zp/portal_zp.pl?podrobnosti=86082  |3 VAIS 
996 |b 284ER01224  |c E*Bc-1224  |l EE32  |s P  |a 0  |w stu272653_0001